[Event "Forni di Sopra op 1st"]
[Site "Forni di Sopra"]
[Date "2011.06.12"]
[Round "1"]
[White "Meszaros, Michal"]
[Black "Semeria, Marco"]
[Result "1-0"]
[WhiteElo "2414"]
[BlackElo "2052"]
[PlyCount "85"]
[EventDate "2011.06.12"]
[EventType "swiss"]
[EventRounds "9"]
[EventCountry "ITA"]
[SourceTitle "CBM 142 Extra"]
[Source "ChessBase"]
[SourceDate "2011.06.27"]
[SourceVersion "1"]
[SourceVersionDate "2011.06.27"]
[SourceQuality "1"]

1. e4 d5 2. exd5 Nf6 3. d4 Nxd5 4. Nf3 Bg4 5. c4 Nb6 6. Be2 e6 7. h3 Bxf3 8. Bxf3 c6 9. Be2 Be7 10. Nc3 0-0 11. 0-0 N8d7 12. Bf4 Nf6 13. Qd3 Qd7 14. Rfd1 Rad8 15. Qg3 Kh8 16. Rab1 Nc8 17. c5 Nd5 18. Bb8 Bf6 19. Ne4 Nce7 20. Be5 Nf5 21. Qa3 Qe7 22. g3 Bxe5 23. dxe5 f6 24. exf6 gxf6 25. Bg4 Nh6 26. Bf3 Nf7 27. Re1 Rg8 28. Bg2 Ne5 29. Nd6 Qg7 30. Re4 Rd7 31. Rbe1 Nc7 32. Qxa7 Nd3 33. Rg4 Qxg4 34. hxg4 Nxe1 35. Qxb7 Nxg2 36. Qxc6 Re7 37. Qf3 Nd5 38. Kxg2 Rb8 39. b3 Kg7 40. a3 Ra7 41. b4 Rba8 42. Nb5 Rb7 43. Nd4 1-0

[Event "Imperia op-A 43rd"]
[Site "Imperia"]
[Date "2001.09.06"]
[Round "6"]
[White "Semeria, Marco"]
[Black "Scotti, Umberto"]
[Result "0-1"]
[WhiteElo "2078"]
[BlackElo "2162"]
[PlyCount "50"]
[EventDate "2001.09.02"]
[EventType "swiss"]
[EventRounds "9"]
[EventCountry "ITA"]
[SourceTitle "EXT 2024"]
[Source "ChessBase"]
[SourceDate "2023.10.10"]
[SourceVersion "1"]
[SourceVersionDate "2023.10.10"]
[SourceQuality "1"]

1. e4 e6 2. d4 d5 3. Nd2 c5 4. exd5 Qxd5 5. Ngf3 cxd4 6. Bc4 Qd6 7. 0-0 Nf6 8. Nb3 Nc6 9. Nbxd4 Nxd4 10. Nxd4 a6 11. Be3 Be7 12. Qf3 0-0 13. Rad1 Qc7 14. Bd3 Bd7 15. Rfe1 Rad8 16. Bf4 Qb6 17. Nf5 exf5 18. Rxe7 Be6 19. Qg3 Nh5 20. Bc7 Qc5 21. Qh4 Rd4 22. Bb6 Qd5 23. Qh3 Rg4 24. f3 Nf4 25. Qxg4 fxg4 0-1

[Event "Imperia op-A 43rd"]
[Site "Imperia"]
[Date "2001.09.03"]
[Round "2"]
[White "Semeria, Marco"]
[Black "Drazic, Sinisa"]
[Result "0-1"]
[WhiteElo "2078"]
[BlackElo "2480"]
[PlyCount "64"]
[EventDate "2001.09.02"]
[EventType "swiss"]
[EventRounds "9"]
[EventCountry "ITA"]
[SourceTitle "EXT 2024"]
[Source "ChessBase"]
[SourceDate "2023.10.10"]
[SourceVersion "1"]
[SourceVersionDate "2023.10.10"]
[SourceQuality "1"]

1. e4 c6 2. d4 d5 3. exd5 Qxd5 4. Nc3 Qa5 5. Bd3 Nf6 6. Nge2 g6 7. 0-0 Bg7 8. Bf4 0-0 9. Qd2 Bf5 10. Bxf5 Qxf5 11. Ng3 Qd7 12. Rad1 Na6 13. Nge4 Rad8 14. Nxf6+ Bxf6 15. Ne4 Bg7 16. c3 Qd5 17. Rfe1 Qxa2 18. Bh6 Qd5 19. Bxg7 Kxg7 20. Qf4 c5 21. Qh4 Rfe8 22. Rd3 cxd4 23. Rxd4 Qe6 24. Rxd8 Rxd8 25. f3 h6 26. Kh1 Qd7 27. b4 Qc7 28. Ng3 Qxc3 29. Qxe7 Rd7 30. Qe8 Nc7 31. Qe4 Ne6 32. h4 Qd4 0-1

[Event "Imperia op-A 42nd"]
[Site "Imperia"]
[Date "2000.09.05"]
[Round "3"]
[White "Lukes, Ladislav"]
[Black "Semeria, Marco"]
[Result "1-0"]
[WhiteElo "2120"]
[BlackElo "2060"]
[PlyCount "73"]
[EventDate "2000.09.03"]
[EventType "swiss"]
[EventRounds "9"]
[EventCountry "ITA"]
[SourceTitle "EXT 2001"]
[Source "ChessBase"]
[SourceDate "2000.11.22"]
[SourceVersion "1"]
[SourceVersionDate "2000.11.22"]
[SourceQuality "1"]

1. e4 c5 2. Nf3 Nc6 3. d4 cxd4 4. Nxd4 Nf6 5. Nc3 d6 6. Bg5 e6 7. Qd2 Be7 8. 0-0-0 a6 9. f4 Nxd4 10. Qxd4 Qa5 11. Be2 0-0 12. Bh4 Rd8 13. Bf3 e5 14. Qe3 exf4 15. Qxf4 Be6 16. Kb1 Rac8 17. Nd5 Bxd5 18. exd5 Qc7 19. Rd2 Ne8 20. Bg4 Rb8 21. Bf5 Bxh4 22. Qxh4 Nf6 23. g4 Qc4 24. Rhd1 Qf4 25. Rf2 Qh6 26. Qg3 g5 27. Qf3 Nd7 28. Bxd7 Rxd7 29. Qe3 Qg7 30. Rf5 h6 31. h4 gxh4 32. Rh5 Kf8 33. Re1 Rdd8 34. Qe7+ Kg8 35. Qxh4 Re8 36. Rh1 Re2 37. Rxh6 1-0

[Event "Imperia op-A 41st"]
[Site "Imperia"]
[Date "1999.08.29"]
[Round "1"]
[White "Babula, Milan"]
[Black "Semeria, Marco"]
[Result "1-0"]
[WhiteElo "2334"]
[BlackElo "2110"]
[PlyCount "101"]
[EventDate "1999.08.29"]
[EventType "swiss"]
[EventRounds "9"]
[EventCountry "ITA"]
[SourceTitle "EXT 2024"]
[Source "ChessBase"]
[SourceDate "2023.10.10"]
[SourceVersion "1"]
[SourceVersionDate "2023.10.10"]
[SourceQuality "1"]

1. e4 c5 2. Nf3 Nc6 3. d4 cxd4 4. Nxd4 Nf6 5. Nc3 d6 6. Bc4 e6 7. Be3 Be7 8. a3 0-0 9. Ba2 a6 10. f4 Qc7 11. Qf3 Na5 12. 0-0 Nc4 13. Bxc4 Qxc4 14. e5 dxe5 15. fxe5 Nd5 16. Nxd5 exd5 17. Qg3 g6 18. c3 Kg7 19. Bg5 Qc7 20. Bf6+ Kg8 21. Qg5 Re8 22. Rf4 Bxf6 23. exf6 Qd6 24. Raf1 Bd7 25. Nf3 Re4 26. Rh4 Rxh4 27. Qxh4 h5 28. Qg5 Re8 29. Qh6 Qf8 30. Qxf8+ Kxf8 31. Re1 Re6 32. Rxe6 Bxe6 33. Kf2 Ke8 34. Ne5 Kd8 35. Ke3 Kc7 36. Kd4 Kd6 37. h4 b6 38. b4 Kc7 39. a4 Kd6 40. a5 Kc7 41. axb6+ Kxb6 42. Nd3 Kc6 43. Ke5 Bf5 44. Nf4 Be4 45. c4 Bc2 46. Nxd5 Bd3 47. b5+ axb5 48. Nb4+ Kc5 49. Nxd3+ Kxc4 50. Ke4 Kc3 51. Ke3 1-0